Rong biển Việt Nam : Phần phía Bắc (Marine Algae of North Vietnam)

Sách giới thiệu về các loài rong biển được tìm thấy ở Việt Nam nói chung, vịnh Bắc bộ nói riêng.

সংরক্ষণ করুন:
গ্রন্থ-পঞ্জীর বিবরন
বিন্যাস: গ্রন্থ
ভাষা:Undetermined
প্রকাশিত: Hà Nội Khoa học và Kỹ thuật 1993
বিষয়গুলি:
ট্যাগগুলো: ট্যাগ যুক্ত করুন
কোনো ট্যাগ নেই, প্রথমজন হিসাবে ট্যাগ করুন!
Thư viện lưu trữ: Trung tâm Học liệu Trường Đại học Cần Thơ
LEADER 00824nam a2200217Ia 4500
001 CTU_161150
008 210402s9999 xx 000 0 und d
082 |a 579.8 
082 |b R431 
245 0 |a Rong biển Việt Nam : 
245 0 |b Phần phía Bắc (Marine Algae of North Vietnam) 
245 0 |c Nguyễn Hữu Dinh ... [et al.] 
260 |a Hà Nội 
260 |b Khoa học và Kỹ thuật 
260 |c 1993 
520 |a Sách giới thiệu về các loài rong biển được tìm thấy ở Việt Nam nói chung, vịnh Bắc bộ nói riêng. 
526 |a Phân loại thực vật A,Phân loại thực vật B 
526 |b SP168,SP169 
650 |a Algology 
904 |i Giang 
980 |a Trung tâm Học liệu Trường Đại học Cần Thơ